• 首页
  • 本馆介绍
  • 公告通知
  • 最新文献
  • 馆藏检索
  • 电子资源
  • 读者导购
  • 参考咨询
  • 我的图书馆
  • 登录
  • 详细信息显示
  • 放入我的书架
  • 预约/预借图书
  • 作者相关作品
  • 分类相关作品
  • 丛书相关作品
  • 出版社相关作品

书目信息

  • 表格格式
  • 工作单格式
  • 卡片格式
题名:
邓伟志全集
    
 
作者: 邓伟志 , 邓伟志 著
分册: 三   社会学卷
出版信息: 上海   上海大学出版社  2013
页数: 380页
开本: 23cm
丛书名:
单 册:
中图分类: Z427.6 , C91-53
科图分类:
主题词: 社会科学--文集 , 自然科学--文集 , 社会学--文集 , 社会科学 , 自然科学 , 社会学
电子资源:
ISBN: 978-7-5671-0742-7
000 01041nam0 2200313 450
001 2334807517
005 20231130095127.63
010    @a978-7-5671-0742-7@b精装@dCNY78.00
100    @a20131114d2013 em y0chiy0120 ea
101 0  @achi
102    @aCN@b310000
105    @aa z 000yy
200 1  @a邓伟志全集@9deng wei zhi quan ji@h三@i社会学卷@b专著@f邓伟志
210    @a上海@c上海大学出版社@d2013
215    @a380页@c彩照@d23cm
300    @a邓伟志全集 7
330    @a本书收录了邓伟志先生在2006年至2013年间写的有关社会学方面的文章,包括:《再造社会管理流程》、《村长在构建和谐社会中的作用》、《抓紧解决黑社会的问题》、《和谐视野中的社会管理》、《谈谈我眼中的综合治理》等。
606 0  @a社会科学@j文集
606 0  @a自然科学@j文集
606 0  @a社会学@j文集
606 0  @a社会科学
606 0  @a自然科学
606 0  @a社会学
690    @aZ427.6@v5
690    @aC91-53@v5
701  0 @a邓伟志@9deng wei zhi@f(1938 )@4著
701  0 @a邓伟志@Adeng wei zhi
801  2 @aCN@b58marc.cn@c20150101
905    @aBZT@dZ427.6@e5:3:3
    
    邓伟志全集.三.社会学卷/邓伟志.-上海:上海大学出版社,2013
    380页:彩照;23cm
    邓伟志全集 7
    
    ISBN 978-7-5671-0742-7(精装):CNY78.00
    本书收录了邓伟志先生在2006年至2013年间写的有关社会学方面的文章,包括:《再造社会管理流程》、《村长在构建和谐社会中的作用》、《抓紧解决黑社会的问题》、《和谐视野中的社会管理》、《谈谈我眼中的综合治理》等。
●
相关链接 在五车中查询图书 在当当中查询图书 在豆瓣中查询图书


正题名:邓伟志全集     索取号:Z427.6/5:3:3         预约/预借

序号 登录号 条形码 馆藏地/架位号 状态 备注
1 2001168533   2001168533   中教(第二批第二书库)/山东中教(第二批)/2057/ [索取号:Z427.6/5:3:3] 在馆    
2 2001168534   2001168534   中教(第二批第二书库)/山东中教(第二批)/2057/ [索取号:Z427.6/5:3:3] 在馆    
3 2001168535   2001168535   中教(第二批第二书库)/山东中教(第二批)/2057/ [索取号:Z427.6/5:3:3] 在馆    
4 2001168536   2001168536   中教(第二批第二书库)/山东中教(第二批)/2057/ [索取号:Z427.6/5:3:3] 在馆    
5 2001168537   2001168537   中教(第二批第二书库)/山东中教(第二批)/2057/ [索取号:Z427.6/5:3:3] 在馆    
6 2001168538   2001168538   中教(第二批第二书库)/山东中教(第二批)/2057/ [索取号:Z427.6/5:3:3] 在馆    
7 2001168539   2001168539   中教(第二批第二书库)/山东中教(第二批)/2057/ [索取号:Z427.6/5:3:3] 在馆    
8 2001168540   2001168540   中教(第二批第二书库)/山东中教(第二批)/2057/ [索取号:Z427.6/5:3:3] 在馆    
9 2001168541   2001168541   中教(第二批第二书库)/山东中教(第二批)/2057/ [索取号:Z427.6/5:3:3] 在馆    
10 2001168542   2001168542   中教(第二批第二书库)/山东中教(第二批)/2057/ [索取号:Z427.6/5:3:3] 在馆    
11 2001168543   2001168543   中教(第二批第二书库)/山东中教(第二批)/2057/ [索取号:Z427.6/5:3:3] 在馆    
12 2001168544   2001168544   中教(第二批第二书库)/山东中教(第二批)/2057/ [索取号:Z427.6/5:3:3] 在馆    
13 2001168545   2001168545   中教(第二批第二书库)/山东中教(第二批)/2057/ [索取号:Z427.6/5:3:3] 在馆    
14 2001168546   2001168546   中教(第二批第二书库)/山东中教(第二批)/2057/ [索取号:Z427.6/5:3:3] 在馆    
15 2001168547   2001168547   中教(第二批第二书库)/山东中教(第二批)/2057/ [索取号:Z427.6/5:3:3] 在馆    
16 2001168548   2001168548   中教(第二批第二书库)/山东中教(第二批)/2057/ [索取号:Z427.6/5:3:3] 在馆    
17 2001168549   2001168549   中教(第二批第二书库)/山东中教(第二批)/2057/ [索取号:Z427.6/5:3:3] 在馆    
18 2001168550   2001168550   中教(第二批第二书库)/山东中教(第二批)/2057/ [索取号:Z427.6/5:3:3] 在馆    
19 2001168551   2001168551   中教(第二批第二书库)/山东中教(第二批)/2057/ [索取号:Z427.6/5:3:3] 在馆    
20 2001168552   2001168552   中教(第二批第二书库)/山东中教(第二批)/2057/ [索取号:Z427.6/5:3:3] 在馆    
21 2001168553   2001168553   中教(第二批第二书库)/山东中教(第二批)/2057/ [索取号:Z427.6/5:3:3] 在馆    
22 2001168554   2001168554   中教(第二批第二书库)/山东中教(第二批)/2057/ [索取号:Z427.6/5:3:3] 在馆    
23 2001168555   2001168555   中教(第二批第二书库)/山东中教(第二批)/2057/ [索取号:Z427.6/5:3:3] 在馆    
24 2001168556   2001168556   中教(第二批第二书库)/山东中教(第二批)/2057/ [索取号:Z427.6/5:3:3] 在馆    
25 2001168557   2001168557   中教(第二批第二书库)/山东中教(第二批)/2057/ [索取号:Z427.6/5:3:3] 在馆    
26 2001168558   2001168558   中教(第二批第二书库)/山东中教(第二批)/2057/ [索取号:Z427.6/5:3:3] 在馆    
27 2001168559   2001168559   中教(第二批第二书库)/山东中教(第二批)/2057/ [索取号:Z427.6/5:3:3] 在馆    
28 2001168560   2001168560   中教(第二批第二书库)/山东中教(第二批)/2057/ [索取号:Z427.6/5:3:3] 在馆    
29 2001168561   2001168561   中教(第二批第二书库)/山东中教(第二批)/2057/ [索取号:Z427.6/5:3:3] 在馆    
30 2001168562   2001168562   中教(第二批第二书库)/山东中教(第二批)/2057/ [索取号:Z427.6/5:3:3] 在馆    
山东省滨州职业学院图书馆 欢迎您!
大连网信软件有限公司© 版权所有